| 000 | 00654cam a22002411 4500 | ||
|---|---|---|---|
| 001 | sa 68000388 | ||
| 003 | DLC | ||
| 005 | 20260227112423.0 | ||
| 008 | 890821s1963 pk ac 010 0 urdr | ||
| 010 | _asa 68000388 | ||
| 035 | _a(OCoLC)20224787 | ||
| 040 |
_aDLC _cWaU _dDLC |
||
| 043 | _aa-ii--- | ||
| 050 | 0 | 0 |
_aDS481.A5 _bJ3 _aD10 |
| 100 | 1 |
_aJaʻfrī, Raʼīs Aḥmad, _d1912-1968. |
|
| 245 | 1 | 0 | _aʻAlī barādarān. |
| 260 |
_aLahore, _c[1963] |
||
| 300 |
_a640 p. _billus., ports (part col.) _c25 cm. |
||
| 546 | _aIn Urdu. | ||
| 600 | 1 | 0 |
_aAli, Mohamed, _d1878-1931. |
| 600 | 1 | 0 |
_aAli, Shaukat, _cMaulana, _d1873- |
| 650 | 0 |
_aMuslims _zIndia. |
|
| 999 |
_c77179 _d77179 |
||